Štrukturálne zmeny a trh práce.
Nutnosť vstupu štátu do reštrukturalizácie ekonomiky v záujme minimalizácie negatívnych dopadov najmä na trh práce. Hlavné ciele štruktúrnych zmien a ich sociálna a psychologická dimenzia. Rozličné prístupy k realizácii štruktúrnych zmien vo vyspelých priemyselných krajinách.
Saved in:
| Main Author: | |
|---|---|
| Format: | Book Chapter |
| Language: | Slovak |
| Subjects: | |
| Tags: |
No Tags, Be the first to tag this record!
|
MARC
| LEADER | 00000naa a2200000 4500 | ||
|---|---|---|---|
| 001 | r006421 | ||
| 005 | 20221125081040.7 | ||
| 041 | 0 | |a slo | |
| 044 | |a [CS] | ||
| 245 | 1 | 0 | |a Štrukturálne zmeny a trh práce. |c Vilma Juríčková |
| 520 | |a Nutnosť vstupu štátu do reštrukturalizácie ekonomiky v záujme minimalizácie negatívnych dopadov najmä na trh práce. Hlavné ciele štruktúrnych zmien a ich sociálna a psychologická dimenzia. Rozličné prístupy k realizácii štruktúrnych zmien vo vyspelých priemyselných krajinách. | ||
| 610 | 2 | 0 | |a zmeny štruktúrne |
| 610 | 2 | 0 | |a rozvoj hospodársky |
| 610 | 2 | 0 | |a trh práce |
| 100 | 1 | |a Juríčková, Vilma | |